Tilastot visalle Maailmankartta ilman 12 valtiota #1

Klikkaa tästä pelataksesi tätä visaa!

Yleistilastot

  • Tätä visaa on pelattu 2 232 kertaa
  • Keskiarvotulos 9 / 12

Vastaukset kartalla

Vastauksille on annettu kartalla punavihreä väri sen mukaan, kuinka moni on saanut sen oikein.
Ladataan ...
 

Vastaustilastot

Valtio% Oikein
Turkki
93%
Norja
91%
Japani
91%
Etelä-Korea
80%
Uusi-Seelanti
80%
Madagaskar
76%
Tanska
76%
Chile
74%
Sri Lanka
68%
Bangladesh
53%
Somalia
49%
Kypros
45%

Tulosjakauma

Persentiili vastausten määrän mukaan

Jokaisen tuloksen saaneiden osuus

Tuloshistoriasi

Et ole pelannut tätä visaa